Riconosci l'animale dall'immagine - Statistics

Statistiche generali
  • Questo quiz è stato fatto 65 volte
  • Il punteggio medio è 18 su 20
Statistiche sulle risposte
con Immagini Risposta % Corretto
Leone
100%
Cammello
98%
Elefante
98%
Orso Polare
98%
Rinoceronte
98%
Scoiattolo
98%
Tigre
98%
Pipistrello
96%
Struzzo
96%
Iena
95%
Anatra
93%
Lemure
93%
Talpa
93%
Formichiere
88%
Bradipo
86%
Capibara
86%
Istrice
86%
Alce
79%
Giaguaro
70%
Mandrillo
25%
Nessun quiz corrispondente trovato
Distribuzione punteggi
Percentuale di utenti per punteggio
Percentile per numero di risposta
I tuoi punteggi nel tempo
Non hai fatto questo quiz